000 00541cam a2200205ua 4500
001 11145
005 20260515114718.0
008 190830n ii |||gr||||Z||||||eng
020 _a9788183306294
040 _cMAIN
041 _aeng
082 _a371.33
100 _aMeena Sharma,
_eAuthor.
245 _aFundamentals of educational technology
_cBy Meena Sharma
250 _a1st ed.
260 _aNew Delhi:
_bArjun publishing house,
_c2017.
300 _a248p.
653 _aSchools & their activities special education
942 _cBK
999 _c9998
_d9998